| 000 | 00715nam a2200181 a 4500 | ||
|---|---|---|---|
| 001 | 000041322 | ||
| 005 | 20201002034803.0 | ||
| 008 | 130930s1995 sp 000 0 spa d | ||
| 020 | _a840000074769 | ||
| 040 |
_aDO-SdBNP _bspa _cBNPHU |
||
| 245 | 0 | 3 |
_aEl dialecto árabe de Skûra (Marruecos) / _cJordi Aguadé, Mohammad El Yaacoubi. |
| 260 |
_aMadrid : _bConsejo Superior de Investigaciones Científicas, _c1995. |
||
| 300 |
_a188 p. : _bil. ; _c25 cm. |
||
| 504 | _aBibliografía : p 183-188 | ||
| 546 | _aTextos esn español y árabe romanizado (Skura dialecto). | ||
| 504 | _aIncluye referencias bibliográficas y notas al pie de las páginas | ||
| 710 | 2 |
_aConsejo Superior de Investigaciones Científicas _94786 |
|
| 999 |
_c40812 _d40812 |
||